[Event "Catania op"]
[Site "Catania"]
[Date "1990.??.??"]
[Round "?"]
[White "Miljanic, Boro"]
[Black "Barbero, Gerardo F"]
[Result "1/2-1/2"]
[WhiteElo "2385"]
[BlackElo "2450"]

1.e4 c5 2.Nf3 d6 3.Bb5+ Bd7 4.Bxd7+ Nxd7 5.d4 cxd4 6.Qxd4 Ngf6 7.Bg5 g6 8.Nc3 Bg7
9.O-O O-O 10.Rad1 Qb6 11.Qxb6 Nxb6 12.Nd5 Nbxd5 13.exd5 Rfc8 14.c3 Rc5 15.Rfe1 Kf8
16.Bxf6 Bxf6 17.Re4 b5 18.a3 a5 19.Ne1 Rb8 20.Nc2 Rc4 21.Re2 h5 22.g3 Rbc8
23.Kg2 R8c7 24.h4 R4c5 25.Re4 Rc4 26.Re2 Ke8 27.f4 Kd7 28.Red2 R4c5 29.Rd3 Rc8
30.Kf3 Rb8 31.R1d2 Rb6 32.Re2 Rc8 33.Re4 Rc4 34.Re2 Rb8 35.Ne3 Rc5 36.Nc2 Bg7
37.Rde3 Re8 38.Rd3 Rc4 39.Ne3 Rc7 40.Nc2 e5 41.dxe6+ fxe6 42.Nd4 Rb7 43.Nb3 Kc7
44.Nxa5 Ra7 45.Nb3 e5 46.fxe5 Bxe5 47.Kg2 Raa8 48.Rf3 Kb6 49.Rfe3 Red8 50.Nd2 g5
51.Nf3 gxh4 52.Nxh4 Ra4 53.Kh3 Rg4  1/2-1/2

[Event "JUG-chT Cetinje"]
[Site "Cetinje"]
[Date "1990.??.??"]
[Round "3"]
[White "Zelic, Zdravko"]
[Black "Velimirovic, Dragoljub"]
[Result "1/2-1/2"]
[WhiteElo "2395"]
[BlackElo "2525"]

1.e4 c5 2.Nf3 d6 3.Bb5+ Bd7 4.Bxd7+ Qxd7 5.O-O Nc6 6.Re1 Nf6 7.c3 e6 8.d4 d5
9.e5 Ne4 10.Nbd2 Nxd2 11.Bxd2 c4 12.b3 Na5 13.b4 Nc6 14.a4 Ne7 15.a5 Ng6
16.h4 h5 17.Bg5 Be7 18.Bxe7 Qxe7 19.Qa4+ Qd7 20.g3 Qxa4 21.Rxa4 Kd7 22.Ng5 Rhf8
23.Ra2 Rae8 24.Kg2 f6 25.Nf3 Ne7 26.Rae2 Nf5 27.Rh1 Re7 28.Rhe1 Nh6 29.Ng1 Nf7
30.Nf3 f5 31.Ng1 g5 32.Nh3 gxh4 33.gxh4 Rg8+ 34.Kh2 Nh8 35.f3 Reg7 36.Nf4 Ke7
37.Rg2 Rxg2+ 38.Nxg2 Ng6 39.Rg1 Kf7 40.Rh1 Rg7 41.Ra1 Kg8 42.Rg1 Kh7 43.Rh1 Kh6
44.Rf1 f4 45.Rd1 Rf7 46.Kg1 Ne7 47.Kf2 Rf8 48.Rg1 Ng6 49.Ra1 Kg7 50.Rb1 Kf7
51.b5 Rb8 52.Rb2 Ke7 53.Rb1 Kd7 54.Rg1 Ke7 55.Rb1 Kf7 56.Rb4 Kg7 57.a6 b6
58.Rb1 Rf8 59.Re1 Kh6 60.Rh1 Ne7 61.Rd1 Rf7 62.Rd2 Kg6 63.Rd1 Kf5 64.Rg1 Rg7
65.Ne1 Rxg1 66.Kxg1 Ng6 67.Ng2 Ne7 68.Kf2  1/2-1/2

[Event "JUG-chT Cetinje"]
[Site "Cetinje"]
[Date "1990.??.??"]
[Round "5"]
[White "Vujosevic, Vladimir"]
[Black "Alvir, Aco"]
[Result "1-0"]
[WhiteElo "2340"]
[BlackElo "2295"]

1.e4 c5 2.Nf3 d6 3.Bb5+ Bd7 4.Bxd7+ Qxd7 5.c4 g6 6.O-O Bg7 7.d4 cxd4 8.Nxd4 Nc6
9.Nc2 Rc8 10.Qe2 Nf6 11.Nc3 O-O 12.b3 Nh5 13.Bd2 Rfe8 14.Rad1 Qc7 15.Nd5 Qb8
16.f4 e6 17.Ndb4 Qc7 18.Kh1 Nxb4 19.Nxb4 a5 20.Nd3 a4 21.Bb4 axb3 22.axb3 Bf8
23.Qf3 Qc6 24.f5 exf5 25.exf5 Qxf3 26.Rxf3 d5 27.fxg6 hxg6 28.cxd5 Bxb4 29.Nxb4 Re4
30.Na2 f5 31.Nc3 Re5 32.d6 Nf6 33.h3 Rd8 34.Rf4 Ne4 35.Nxe4 fxe4 36.Re1 e3
37.Rf3 e2 38.Rf2 Rxd6 39.Rfxe2 Rxe2 40.Rxe2 Kf7 41.Re3 Rd1+ 42.Kh2 Rb1 43.Kg3 Rb2
44.Kf3 Kf6 45.h4 b5 46.g3 Kf5 47.g4+ Kf6 48.Ke4 Rh2 49.g5+ Kf7 50.Rf3+ Kg7
51.Ke5 Re2+ 52.Kd5 Rc2 53.Rf4 Rc8 54.Rb4 Rf8 55.Kc5 Rf5+ 56.Kb6 Kf7 57.Ka5 Ke6
58.Rxb5 Kd6 59.Rxf5 gxf5 60.Kb4  1-0

[Event "JUG-chT Cetinje"]
[Site "Cetinje"]
[Date "1990.??.??"]
[Round "7"]
[White "Nikolic, Zivoslav"]
[Black "Dabetic, Radojica"]
[Result "1/2-1/2"]
[WhiteElo "2455"]
[BlackElo "2315"]

1.e4 c5 2.Nf3 d6 3.Bb5+ Bd7 4.Bxd7+ Nxd7 5.O-O Ngf6 6.Qe2 e6 7.b3 Be7 8.Bb2 O-O
9.d3 Qc7 10.Nbd2 Rac8 11.a4 Rfe8 12.Ne1 Bf8 13.f4 e5 14.fxe5 Nxe5 15.Nef3 Nfd7
16.Nxe5 Nxe5 17.Bxe5 dxe5 18.Nc4 Rcd8 19.Ne3 c4 20.bxc4 Bc5 21.Kh1 Bxe3 22.Qxe3 b6
23.a5 Re6 24.axb6 axb6 25.Rfb1 Rc6 26.h3 f6 27.Ra2 Rc8 28.Rab2 Rb8 29.Rb5 h6
30.c5 Rxc5 31.Qxc5 bxc5 32.Rxb8+ Kh7 33.R8b7 Qa5 34.Rd7 Qd2 35.c4 Qf2 36.Rbb7 Qf1+
37.Kh2 Qf4+ 38.Kg1 Qc1+ 39.Kf2 Qd2+ 40.Kf3 Kh8 41.Rb1 Qf4+ 42.Ke2 Qh2 43.Kf2 Qf4+
44.Kg1 Qe3+ 45.Kh1 Qf2 46.Rb8+  1/2-1/2

[Event "JUG-chT Cetinje"]
[Site "Cetinje"]
[Date "1990.??.??"]
[Round "7"]
[White "Martinovic, Slobodan"]
[Black "Ilic, Zoran"]
[Result "0-1"]
[WhiteElo "2440"]
[BlackElo "2375"]

1.e4 c5 2.Nf3 d6 3.Bb5+ Nd7 4.d4 Nf6 5.Nc3 cxd4 6.Qxd4 e5 7.Qd3 h6 8.a4 Be7
9.Be3 O-O 10.Bc4 a6 11.O-O Qc7 12.a5 Nc5 13.Bxc5 Qxc5 14.Nd5 Nxd5 15.Bxd5 Rb8
16.c3 Kh8 17.b4 Qc7 18.Nd2 b5 19.axb6 Rxb6 20.Nc4 Rb8 21.Na5 f5 22.Nc6 Rb6
23.Nxe7 Qxe7 24.f3 Qc7 25.h3 Bd7 26.exf5 Bxf5 27.Qe3 Rb5 28.c4 Rxb4 29.Rxa6 Rfb8
30.Ra7 Qd8 31.Qf2 Rb2 32.Qe3 R8b3 33.Ra8 Qxa8 34.Qxb3 Qa7+  0-1

[Event "ITA-ch"]
[Site "Chianciano"]
[Date "1990.??.??"]
[Round "3"]
[White "Borgo, Giulio"]
[Black "Marinelli, Tullio"]
[Result "1/2-1/2"]
[WhiteElo "2330"]
[BlackElo "2400"]

1.e4 c5 2.Nf3 d6 3.Bb5+ Bd7 4.Bxd7+ Nxd7 5.O-O Ngf6 6.Qe2 e6 7.b3 Be7 8.Bb2 O-O
9.d4 d5 10.exd5 Nxd5 11.c4 Nf4 12.Qe3 Bg5 13.Nxg5 Qxg5 14.g3 Nh3+ 15.Kg2 Qf5
16.Nd2 cxd4 17.Qxd4 e5 18.Qe4 Qh5 19.Nf3 Rfe8 20.Qh4 Qxh4 21.Nxh4 Ng5 22.Rad1 Nf8
23.Rd5 f6 24.Nf5 Red8 25.Nd6 Rd7 26.Rfd1 Nge6 27.Nb5 Rf7 28.Bc1 Nc7 29.Rd8 Rxd8
30.Rxd8 Ne6 31.Rb8 Rd7 32.Nxa7 Nd8 33.Be3 Kf7 34.Bb6 Nfe6 35.Nb5 Ke7 36.c5 Nc6
37.Ra8 Ned4 38.Nd6 Ke6 39.Re8+ Kd5 40.Nc4 Nb4 41.Ba7 Ke4 42.Bb8 Nxa2 43.Nb6 Rf7
44.f4 Nxb3 45.fxe5 fxe5 46.Rxe5+ Kd3 47.Rd5+ Kc2 48.Nc4 Nb4 49.Ne3+ Kb2 50.Rg5 Nd3
51.Nc4+ Kc2 52.Ne5 Nxe5 53.Rxe5 Kd3 54.Bd6 Kd4 55.Rg5 g6 56.h4 Nd2 57.h5 Rf2+
58.Kxf2 Ne4+ 59.Kf3 Nxg5+ 60.Kg4 Ne6 61.hxg6 hxg6 62.Be7 Ke4 63.Bd6 Kd5 64.Be7 Kc6
65.Kf3 Nxc5 66.Kf4 Nd7 67.Kg5 Ne5 68.Kf6 Kd5 69.Bb4 Ke4  1/2-1/2

[Event "Copenhagen K41"]
[Site "Copenhagen"]
[Date "1990.??.??"]
[Round "4"]
[White "Gizynski, Tomasz"]
[Black "Stefansson, Hannes"]
[Result "0-1"]
[WhiteElo "2375"]
[BlackElo "2420"]

1.e4 c5 2.Nf3 d6 3.Bb5+ Bd7 4.Bxd7+ Qxd7 5.O-O Nc6 6.d4 cxd4 7.Nxd4 Nf6 8.Nc3 g6
9.Nf3 Bg7 10.Qe2 O-O 11.Nd5 Nxd5 12.exd5 Ne5 13.Re1 Rac8 14.c3 b5 15.Be3 Qb7
16.Nxe5 Bxe5 17.Rad1 Rc4 18.Bg5 Rfc8 19.f4 Bf6 20.Bxf6 exf6 21.Qf2 b4 22.cxb4 Qxb4
23.Qd2 Qb6+ 24.Kh1 Kg7 25.f5 Rc2 26.Qd3 Qxb2 27.fxg6 hxg6 28.Qf3 Qxa2 29.Rf1 Qb2
30.h3 Rc1 31.Kh2 Rxd1 32.Rxd1 Rc1  0-1

[Event "Copenhagen K41"]
[Site "Copenhagen"]
[Date "1990.??.??"]
[Round "6"]
[White "Gizynski, Tomasz"]
[Black "Clausen, Steen"]
[Result "0-1"]
[WhiteElo "2375"]
[BlackElo "2215"]

1.e4 c5 2.Nf3 d6 3.Bb5+ Bd7 4.Bxd7+ Qxd7 5.O-O Nc6 6.d4 cxd4 7.Nxd4 Nf6 8.Nc3 g6
9.Nf3 Bg7 10.Qe2 O-O 11.Nd5 Rac8 12.Bg5 Rfe8 13.c3 Nxd5 14.exd5 Na5 15.Rad1 b5
16.Nd4 a6 17.Rfe1 Nc4 18.h4 Nb6 19.Qf3 e5 20.dxe6 fxe6 21.h5 e5 22.Nc2 gxh5
23.Qxh5 Re6 24.Rd3 Qf7 25.Qxf7+ Kxf7 26.Red1 d5 27.Rf3+ Kg8 28.Ne3 h6 29.Bh4 Rc5
30.Rg3 Kh7 31.Nf5 Rg6 32.Rxg6 Kxg6 33.Ne3 d4 34.cxd4 exd4 35.Nf1 Rc2 36.Rd2 Rc1
37.b3 Nd5 38.g3 Nc3 39.Kg2 Ra1 40.a4 bxa4 41.bxa4 Rxa4 42.Kf3 Ra1 43.Nh2 Re1
44.Bd8 Ne4 45.Re2 Ng5+ 46.Bxg5 Rxe2 47.Kxe2 hxg5 48.Kd3 Kf5 49.Nf3 a5 50.Nd2 a4
51.Nc4 g4 52.Kc2 Bf8 53.Kd3 Bc5 54.Kc2 a3 55.Nd2 Bb4 56.Nc4 Ke4 57.Kb3 Bc5  0-1

[Event "Copenhagen K41"]
[Site "Copenhagen"]
[Date "1990.??.??"]
[Round "9"]
[White "Gizynski, Tomasz"]
[Black "Nylen, Anders"]
[Result "1/2-1/2"]
[WhiteElo "2375"]
[BlackElo "2220"]

1.e4 c5 2.Nf3 d6 3.Bb5+ Bd7 4.Bxd7+ Qxd7 5.O-O Nc6 6.c4 Nf6 7.Nc3 e6 8.d4 cxd4
9.Nxd4 Be7 10.b3 O-O 11.Bb2 Rfd8 12.Re1 Rac8 13.Rc1 a6 14.Nxc6 Qxc6 15.Qe2 Nd7
16.Nd5 Bf8 17.Nf4 g6 18.Qe3 Bg7 19.Bxg7 Kxg7 20.Rcd1 Qc5 21.Nd3 Qxe3 22.Rxe3 Kf8
23.f3 Ke7 24.Nb4 Nc5 25.Kf2 Rd7 26.Rd2 Rcd8 27.Re1 Rc8 28.Re3  1/2-1/2

[Event "Corfu"]
[Site "Corfu"]
[Date "1990.??.??"]
[Round "?"]
[White "Georgiev, Krum"]
[Black "Piket, Jeroen"]
[Result "0-1"]
[WhiteElo "2455"]
[BlackElo "2495"]

1.e4 c5 2.Nf3 d6 3.Bb5+ Nc6 4.O-O Nf6 5.e5 dxe5 6.Nxe5 Qc7 7.Qf3 Bd7 8.Bxc6 Bxc6
9.Nxc6 Qxc6 10.Qxc6+ bxc6 11.Na3 Nd7 12.Nc4 f6 13.b3 Nb6 14.Re1 Kd7 15.Re4 e5
16.Ba3 Kc7 17.Rae1 Rd8 18.d3 Rd4 19.Nd2 Nd5 20.Bb2 Rxe4 21.Rxe4 Be7 22.Kf1 Rb8
23.Rh4 h6 24.Ra4 Kb7 25.Ke2 Bf8 26.Kd1 Rd8 27.Kc1 Re8 28.Re4 Rd8 29.Nf3 Nf4
30.Ne1 g5 31.g3 Nh3 32.f3 h5 33.Ng2 Ng1 34.f4 gxf4 35.gxf4 Bh6 36.Re1 Rg8
37.Nh4 Bxf4+ 38.Kb1 Bxh2 39.Ba3 Rg4 40.Nf5 Nf3 41.Re3 Nd4 42.Nd6+ Kc7 43.Bxc5 Ne6
44.d4 Rg1+ 45.Kb2 Bf4 46.Rd3 exd4 47.Ne8+ Kb7 48.b4 Nxc5 49.bxc5 Rg3 50.Rd1 Be5
51.Nd6+ Ka6  0-1

[Event "Dortmund-A"]
[Site "Dortmund"]
[Date "1990.??.??"]
[Round "?"]
[White "Wahls, Matthias"]
[Black "Browne, Walter S"]
[Result "1/2-1/2"]
[WhiteElo "2565"]
[BlackElo "2560"]

1.e4 c5 2.Nf3 d6 3.Bb5+ Bd7 4.Bxd7+ Nxd7 5.O-O Ngf6 6.Qe2 e6 7.c3 Be7 8.d4 O-O
9.e5 Nd5 10.c4 Nb4 11.exd6 Bxd6 12.Bg5 Be7 13.Bxe7 Qxe7 14.d5 Rfe8 15.a3 Na6
16.dxe6 Qxe6 17.Qxe6 Rxe6 18.Nc3 Nc7 19.b4 Nb6 20.bxc5 Nxc4 21.Rfb1 Na5 22.Nb5 Na6
23.Nbd4  1/2-1/2

[Event "AUT-ch sf"]
[Site "Finkenstein"]
[Date "1990.??.??"]
[Round "?"]
[White "Schwab, Rene"]
[Black "Kummer, Helmut"]
[Result "0-1"]
[WhiteElo "2265"]
[BlackElo "2270"]

1.e4 c5 2.Nf3 d6 3.Bb5+ Bd7 4.a4 Nc6 5.O-O g6 6.Re1 Bg7 7.c3 Nf6 8.d4 cxd4
9.cxd4 O-O 10.Nc3 Bg4 11.Be3 d5 12.e5 Ne4 13.Rc1 Rc8 14.h3 Bxf3 15.Qxf3 Nxc3
16.Rxc3 e6 17.Bxc6 Rxc6 18.Rxc6 bxc6 19.Rc1 Qb6 20.Qe2 Rb8 21.Qc2 Rc8 22.g4 Qb4
23.b3 Bf8 24.Qd3 Rc7 25.Qc3 Qxc3 26.Rxc3 Bb4 27.Rc2 Kf8 28.Kf1 Ke8 29.Ke2 Kd7
30.Rc1 Rb7 31.Kd3 Rb8 32.Kc2 a6 33.Kb2 Kc7 34.Rf1 Kb6 35.f4 Rc8 36.f5 gxf5
37.gxf5 Rg8 38.fxe6 fxe6 39.Rf7 Rg2+ 40.Kc1 Rg3 41.Bf4 Rf3 42.Kc2 Rf2+ 43.Kd3 Bd2
44.a5+ Bxa5 45.Ke3 Rb2 46.Kf3 Rxb3+ 47.Kg4 Bc3 48.Re7 Bxd4 49.Rxe6 Be3 50.Bg3 Bc5
51.Re8 Kb5 52.Rb8+ Kc4 53.Rxb3 Kxb3 54.Kf5 d4 55.e6 d3 56.Bf4 Kc2 57.Be3 Be7
58.Bg5 Ba3  0-1

[Event "Forli op"]
[Site "Forli"]
[Date "1990.??.??"]
[Round "7"]
[White "Chiburdanidze, Maia"]
[Black "Sakhatova, Gulnar"]
[Result "1-0"]
[WhiteElo "2470"]
[BlackElo "2290"]

1.e4 c5 2.Nf3 d6 3.Bb5+ Bd7 4.Bxd7+ Nxd7 5.O-O Ngf6 6.Qe2 e6 7.b3 Be7 8.d4 cxd4
9.Nxd4 O-O 10.c4 a6 11.Bb2 Re8 12.Nc3 Rc8 13.Kh1 Bf8 14.Rad1 Qa5 15.f4 e5
16.Nf5 exf4 17.Rxf4 b5 18.Nd5 Nxd5 19.Nh6+ Kh8 20.Nxf7+ Kg8 21.cxd5 Ne5 22.Bxe5 dxe5
23.Rf5 Rc7 24.Rdf1 Qb4 25.Ng5 g6 26.Ne6 Rcc8 27.Rf7 Bh6 28.Qf3 Bf4 29.Rg7+  1-0

[Event "Forli op"]
[Site "Forli"]
[Date "1990.??.??"]
[Round "8"]
[White "Pozzi, Enrico"]
[Black "Soylu, Suat"]
[Result "1/2-1/2"]
[WhiteElo "2255"]
[BlackElo "2335"]

1.e4 c5 2.Nf3 d6 3.Bb5+ Nd7 4.O-O a6 5.Bxd7+ Bxd7 6.d4 cxd4 7.Qxd4 e5 8.Qd3 h6
9.c4 Nf6 10.Nc3 Qc7 11.Rd1 Rc8 12.b3 b5 13.Nd2 Be7 14.Bb2 O-O 15.a4 bxc4
16.Nxc4 Be6 17.Rac1 Qb8 18.Nd5 Nxd5 19.exd5 Bd7 20.Ba3 Rfe8 21.Na5 Qb6 22.Nc4 Qb8
23.Na5  1/2-1/2

[Event "Peer Gynt"]
[Site "Gausdal"]
[Date "1990.??.??"]
[Round "5"]
[White "Djurhuus, Rune"]
[Black "Reeh, Oliver"]
[Result "0-1"]
[WhiteElo "2405"]
[BlackElo "2465"]

1.e4 c5 2.Nf3 d6 3.Bb5+ Bd7 4.Bxd7+ Qxd7 5.O-O Nc6 6.c3 Nf6 7.d4 cxd4 8.cxd4 d5
9.e5 Ng8 10.Nc3 e6 11.Bf4 Nge7 12.Nb5 Ng6 13.Bg3 a6 14.Nc3 b5 15.Ne2 Be7
16.Nc1 O-O 17.Nb3 Rfc8 18.Rc1 a5 19.Qe2 a4 20.Nc5 Nxd4 21.Nxd4 Rxc5 22.Rxc5 Bxc5
23.Nxb5 Rb8 24.Nd6 f5 25.h4 f4 26.Bh2 Rf8 27.h5 Nxe5 28.Nb7 Bd4 29.Qd2 Nc6
30.Na5 e5 31.Nxc6 Qxc6 32.Kh1 Qb5 33.Rd1 Qxb2 34.Qxb2 Bxb2 35.Rxd5 Bd4 36.Bg1 Rf5  0-1

[Event "Troll Masters"]
[Site "Gausdal"]
[Date "1990.??.??"]
[Round "8"]
[White "Westerinen, Heikki MJ"]
[Black "Ernst, Thomas"]
[Result "1/2-1/2"]
[WhiteElo "2475"]
[BlackElo "2440"]

1.e4 c5 2.Nf3 d6 3.Bb5+ Nc6 4.O-O Bd7 5.Re1 Nf6 6.h3 a6 7.Bf1 e5 8.c3 Be7
9.d4 cxd4 10.cxd4 exd4 11.Nxd4 d5 12.exd5 Nxd5 13.Bg5 O-O 14.Nxc6 Bxc6 15.Bxe7 Nxe7
16.Qxd8 Raxd8 17.Rxe7 Rd1 18.a4 Rfd8 19.Re3 Rc1 20.Rc3 Re1 21.Re3 Rc1 22.Rc3  1/2-1/2

[Event "Geneve"]
[Site "Geneve"]
[Date "1990.??.??"]
[Round "3"]
[White "Chiburdanidze, Maia"]
[Black "Kotronias, Vasilios"]
[Result "1/2-1/2"]
[WhiteElo "2500"]
[BlackElo "2510"]

1.e4 c5 2.Nf3 d6 3.Bb5+ Bd7 4.Bxd7+ Nxd7 5.O-O Ngf6 6.Qe2 e6 7.b3 Be7 8.Bb2 O-O
9.d4 cxd4 10.Nxd4 a6 11.c4 Rc8 12.Nd2 Re8 13.Rac1 Nf8 14.a3 Qc7 15.b4 Qb8
16.N4b3 e5 17.Rfd1 b6 18.Nf1 a5 19.Bc3 axb4 20.axb4 Rc7 21.Bd2 Rec8 22.Bg5 Ra7
23.Ra1 Rxa1 24.Rxa1 Qb7 25.Nbd2 Ra8 26.Rxa8 Qxa8 27.Bxf6  1/2-1/2

[Event "Bundesliga 8990"]
[Site "Germany"]
[Date "1990.??.??"]
[Round "?"]
[White "Kraut, Rainer"]
[Black "Vonthron, Horst"]
[Result "1-0"]
[WhiteElo "2405"]
[BlackElo "2385"]

1.e4 c5 2.Nf3 d6 3.Bb5+ Nc6 4.O-O a6 5.Bxc6+ bxc6 6.e5 d5 7.h3 e6 8.d3 Ne7
9.b3 Ng6 10.Re1 Be7 11.Nc3 O-O 12.Na4 c4 13.dxc4 Qc7 14.cxd5 cxd5 15.Be3 Rb8
16.Bd4 Bd7 17.Nb2 Ba3 18.Nd3 Rbc8 19.c3 Ne7 20.b4 Bb5 21.Bc5 Rfe8 22.Nd4 Nc6
23.Nxc6 Qxc6 24.Re3 a5 25.Nf4 Kh8 26.Qh5 Qd7 27.Rg3 Bc4 28.Rxg7  1-0

[Event "Bundesliga 8990"]
[Site "Germany"]
[Date "1990.??.??"]
[Round "?"]
[White "Huisl, Wolfgang"]
[Black "Sievers, Stefan"]
[Result "1/2-1/2"]
[WhiteElo "2335"]
[BlackElo "2255"]

1.e4 c5 2.Nf3 d6 3.Bb5+ Bd7 4.Bxd7+ Qxd7 5.c4 Nc6 6.d4 cxd4 7.Nxd4 g6 8.Nc3 Bg7
9.Be3 Nf6 10.f3 O-O 11.O-O e6 12.Qd2 Ne5 13.b3 d5 14.exd5 exd5 15.c5 Rfe8
16.Rad1 Rad8 17.Rfe1 a6 18.Na4 Nc6 19.Nxc6 bxc6 20.Bd4 Qf5 21.Qc3 Rxe1+ 22.Rxe1 Re8
23.Rxe8+ Nxe8 24.Bxg7 Nxg7 25.Kf2 Ne6 26.Qe3 Qb1 27.Qe2 d4 28.Qd2 h5 29.b4 h4
30.Nb6 Qf5 31.Nc4 Qd5 32.Nd6 d3 33.Ne4 Qd4+ 34.Qe3 Qb2+ 35.Qd2 Qd4+ 36.Qe3 Qxb4
37.Qxd3 Qb2+ 38.Qe2 Qd4+ 39.Qe3 Qb2+ 40.Qe2 Qd4+ 41.Qe3 Qb2+ 42.Qe2  1/2-1/2

[Event "BL2-N8990"]
[Site "Germany"]
[Date "1990.??.??"]
[Round "?"]
[White "Weber, Siegfried"]
[Black "Geisler, Robert"]
[Result "1/2-1/2"]
[WhiteElo "2270"]
[BlackElo "2245"]

1.e4 c5 2.Nf3 d6 3.Bb5+ Bd7 4.Bxd7+ Nxd7 5.O-O Ngf6 6.Qe2 e6 7.b3 Be7 8.Bb2 O-O
9.d4 cxd4 10.Nxd4 Nc5 11.Nd2 Re8 12.Rad1 a6 13.e5 dxe5 14.N4f3 b5 15.Nc4 Qc7
16.Bxe5 Qb7 17.Bxf6 gxf6 18.Nd6 Bxd6 19.Rxd6 Rad8 20.Rfd1 Qe7 21.R6d4 Rxd4
22.Rxd4 Rd8 23.Rg4+ Kh8 24.g3 f5 25.Rh4 Ne4 26.Ne5 Rg8 27.Rf4 f6 28.Nd3 Rc8
29.Rf3 Qc7 30.Ne1 Rd8 31.Rd3 Rd6 32.Qe3 Nc5 33.Rc3 Rc6 34.Qh6 Nd7 35.Rd3 Rd6
36.Qh5 Ne5 37.Qe8+ Kg7 38.Re3 Qd7 39.Qa8 Qc6 40.Qa7+ Qd7 41.Qxd7+ Nxd7 42.Rd3 Rxd3
43.Nxd3 Kf7 44.Kf1 Ke7 45.Ke2 Kd6 46.Ke3 e5 47.c3 a5 48.Nb2 Nb6 49.Kd3 Kd5
50.Nd1 e4+ 51.Ke3 Ke5 52.f4+ Kd5 53.Nb2 h5 54.Nd1 Kc5 55.Kd2 Nd5  1/2-1/2

[Event "BL2-W8990"]
[Site "Germany"]
[Date "1990.??.??"]
[Round "?"]
[White "Bluhm, Grischa"]
[Black "Stertenbrink, Guenter"]
[Result "1/2-1/2"]
[WhiteElo "2335"]
[BlackElo "2280"]

1.e4 c5 2.Nf3 d6 3.Bb5+ Bd7 4.Bxd7+ Qxd7 5.O-O Nc6 6.c3 Nf6 7.d4 Nxe4 8.d5 Nb8
9.Re1 Nf6 10.Bg5 Na6 11.Qd3 Nc7 12.Bxf6 gxf6 13.c4 e6 14.Qf5 Bg7 15.Qh5 O-O-O
16.Nc3 Rdg8 17.Ne4 f5 18.Neg5 Rf8 19.Rad1 Bxb2 20.Qh6 exd5 21.cxd5 Re8 22.Rxe8+ Rxe8
23.Nxh7 Rh8 24.Qd2 Bg7 25.Nhg5 Re8 26.h4 Bh6 27.Qc3 Qa4 28.Qd3 Qd7 29.Nh7 Bg7
30.Nhg5 b5 31.Nh3 Re4  1/2-1/2

[Event "Bundesliga 8990"]
[Site "Germany"]
[Date "1990.??.??"]
[Round "?"]
[White "Buchal, Stephan"]
[Black "Ribli, Zoltan"]
[Result "0-1"]
[WhiteElo "2335"]
[BlackElo "2605"]

1.e4 c5 2.Nf3 d6 3.Bb5+ Nc6 4.O-O Bd7 5.c3 Nf6 6.Re1 a6 7.Bxc6 Bxc6 8.d4 Bxe4
9.Bg5 Bd5 10.Nbd2 e6 11.c4 Bxf3 12.Qxf3 cxd4 13.Bxf6 gxf6 14.Qxb7 Bg7 15.Rxe6+ fxe6
16.Qxg7 Rf8 17.Qxh7 Rc8 18.Qa7 e5 19.Qxa6 Qd7 20.Qa3 Ke7 21.Qd3 Qb7 22.b3 Rh8
23.Re1 Rcg8 24.f3 Kd8 25.Qf5 Qh7 26.Qxh7 Rxh7 27.a4 Rb7 28.Kf2 Rh8 29.h3 Kd7
30.Ke2 Kc6 31.Kd3 f5 32.f4 Re8 33.Rf1 e4+ 34.Kc2 Kc5 35.g4 e3 36.Nf3 e2 37.Rb1 Re3
38.Ne1 Rxh3 39.gxf5 Rc3+ 40.Kd2 Rbxb3 41.Rxb3 Rxb3 42.Kxe2 Kxc4 43.f6 Re3+
44.Kf2 Re6 45.Kg3 Rxf6 46.Kg4 d3 47.Nf3 Rg6+ 48.Kh3 Rg8 49.f5 Kd5  0-1

[Event "SWE-ch"]
[Site "Gothenburg"]
[Date "1990.??.??"]
[Round "?"]
[White "Brynell, Stellan"]
[Black "Ernst, Thomas"]
[Result "1/2-1/2"]
[WhiteElo "2430"]
[BlackElo "2440"]

1.e4 c5 2.Nf3 d6 3.Bb5+ Nc6 4.O-O Bd7 5.c3 a6 6.Bxc6 Bxc6 7.Re1 Nf6 8.d4 Bxe4
9.Bg5 Bg6 10.d5 Qd7 11.Bxf6 gxf6 12.Nh4 Bg7 13.f4 f5 14.Nd2 b5 15.Re3 O-O
16.Qe2 Rfe8 17.Re1 Bf6 18.Nhf3 Qb7 19.c4 Bxb2 20.Rxe7 Rxe7 21.Qxe7 Qxe7 22.Rxe7 Bh5
23.Rb7 Bf6 24.cxb5 axb5 25.Rxb5 Rxa2 26.Nc4 Ra6 27.Rb8+ Kg7 28.Rc8 Bd4+ 29.Kf1 Kf6
30.Rc6 Rxc6 31.dxc6 Bxf3 32.gxf3 Ke7 33.Nb6 Kd8 34.Nd5 c4 35.Ke2 c3 36.Kd3 Bg7
37.h3 Bh8 38.Kc2 Bg7 39.Kd3 Bh8 40.Kc2 Bg7  1/2-1/2

[Event "Hastings9091"]
[Site "Hastings"]
[Date "1990.??.??"]
[Round "?"]
[White "Speelman, Jonathan S"]
[Black "King, Daniel J"]
[Result "1/2-1/2"]
[WhiteElo "2605"]
[BlackElo "2560"]

1.e4 c5 2.Nf3 d6 3.Bb5+ Bd7 4.Bxd7+ Qxd7 5.O-O Nc6 6.Re1 Nf6 7.d3 e6 8.Nbd2 Be7
9.Nf1 O-O 10.Ng3 b5 11.c3 Rac8 12.a3 Qb7 13.d4 d5 14.e5 Ne4 15.dxc5 Nxg3
16.hxg3 Bxc5 17.Qd3 Be7 18.Bg5 a5 19.g4  1/2-1/2

[Event "Hastings Challengers9091"]
[Site "Hastings"]
[Date "1990.??.??"]
[Round "?"]
[White "Tseitlin, Mikhail S"]
[Black "Sadler, Matthew"]
[Result "1-0"]
[WhiteElo "2510"]
[BlackElo "2470"]

1.e4 c5 2.Nf3 d6 3.Bb5+ Nc6 4.O-O Bd7 5.c3 Nf6 6.Re1 a6 7.Ba4 e5 8.d4 b5
9.dxe5 dxe5 10.Bc2 Be7 11.Nbd2 O-O 12.Nf1 Be6 13.Bg5 Qc7 14.Ne3 Rad8 15.Qe2 g6
16.a4 c4 17.axb5 axb5 18.Ra6 Rfe8 19.Rea1 Nh5 20.g3 Kg7 21.Bxe7 Rxe7 22.Ng5 Nf6
23.Nxe6+ Rxe6 24.b3 cxb3 25.Bxb3 Red6 26.Nd5 Qc8 27.Nxf6 Rxf6 28.Qe3 Rdd6
29.Ra8 Qg4 30.Kg2 b4 31.Re8 Rd8 32.Rxd8 Nxd8 33.cxb4 Nc6 34.h3 Qd7 35.Ra6 Qe7
36.Qc5 Qxc5 37.bxc5 Nd4 38.Rb6 Nxb3 39.Rxb3 Rc6 40.Rc3 Kf8 41.f4 Ke7 42.Kf3 Ke6
43.g4 Rc7 44.g5 Rc8 45.h4 Rc7 46.Kg4 exf4 47.Kxf4 Rc8 48.Ke3 Ke5  1-0

[Event "Helsinki op1"]
[Site "Helsinki"]
[Date "1990.??.??"]
[Round "1"]
[White "Westerinen, Heikki MJ"]
[Black "Pirttimaki, Timo"]
[Result "1-0"]
[WhiteElo "2475"]
[BlackElo "2295"]

1.e4 c5 2.Nf3 d6 3.Bb5+ Nc6 4.O-O Bd7 5.Re1 Nf6 6.h3 g6 7.c3 Bg7 8.d4 O-O
9.a4 cxd4 10.cxd4 d5 11.exd5 Nxd5 12.Nc3 Nxc3 13.bxc3 Rc8 14.Bg5 Re8 15.Qb3 Qc7
16.Re3 e6 17.Qa2 Ne7 18.Bf4 Qd8 19.Rd3 Nd5 20.Bd2 Nb6 21.Qb3 Qc7 22.Rb1 Bc6
23.a5 Nd7 24.Bxc6 bxc6 25.Qb7 Qd8 26.Qa6 Rb8 27.Rxb8 Nxb8 28.Qxa7 Re7 29.Qa8 Qc7
30.c4 Qb7 31.Qxb7 Rxb7 32.Bf4 Rb1+ 33.Kh2 Na6 34.Ne5 g5 35.Bg3 f5 36.f4 Bxe5
37.dxe5 Rf1 38.fxg5 f4 39.Bh4 Ra1 40.Rd6 Nc5 41.Rxc6 Rxa5 42.Be1 Ra1 43.Bc3 Rc1
44.Rxc5 Rxc3 45.Rc7 Re3 46.h4 Rxe5 47.Kh3 h5 48.gxh6 Re2 49.c5 Rc2 50.c6 e5
51.Rg7+ Kh8 52.c7 e4 53.Re7 f3 54.gxf3  1-0

[Event "Jajce (Women)"]
[Site "Jajce"]
[Date "1990.??.??"]
[Round "8"]
[White "Maric, Mirjana"]
[Black "Gajic, Djordje"]
[Result "0-1"]
[WhiteElo "2275"]
[BlackElo "2295"]

1.e4 c5 2.Nf3 d6 3.Bb5+ Bd7 4.Bxd7+ Qxd7 5.O-O Nf6 6.e5 dxe5 7.Nxe5 Qc8 8.Qf3 g6
9.Nc3 Bg7 10.Nd5 Nbd7 11.d4 Nxe5 12.dxe5 Nxd5 13.Qxd5 O-O 14.Be3 b6 15.f4 Qf5
16.Qc4 Rad8 17.a4 a5 18.Qb3 Qe4 19.Rfe1 Qc6 20.Rad1 e6 21.Bf2 g5 22.Qc4 Rd5
23.Qe4 Qd7 24.Rxd5 exd5 25.Qf3 gxf4 26.Qxf4 Re8 27.g4 Re6 28.Bg3 Qe8 29.c3 Bh6
30.g5 Bg7 31.b3 Qd7 32.Qd2 d4 33.cxd4 cxd4 34.Re4 Qd5 35.Rxd4 Qxb3 36.Rd8+ Bf8
37.Qd7 Qb1+ 38.Kf2 Qf5+ 39.Kg2 Qxg5 40.Qc8 Qe7 41.Kf1 Qa3 42.Re8 Qd3+ 43.Kf2 Rxe8
44.Qxe8 Kg7 45.Qc6 Bc5+ 46.Kg2 Qe2+ 47.Kh3 Qf1+ 48.Kg4 h5+ 49.Kxh5 Qf5+  0-1

[Event "Katowice op"]
[Site "Katowice"]
[Date "1990.??.??"]
[Round "10"]
[White "Kalegin, Evgenij"]
[Black "Arbakov, Valentin"]
[Result "0-1"]
[WhiteElo "2380"]
[BlackElo "2415"]

1.e4 c5 2.Nf3 d6 3.Bb5+ Bd7 4.Bxd7+ Nxd7 5.O-O Ngf6 6.Qe2 e6 7.c3 Be7 8.d4 cxd4
9.cxd4 d5 10.e5 Ne4 11.Ne1 Qb6 12.Be3 f6 13.f3 Ng5 14.Nc3 O-O 15.Nd3 Nf7
16.Rad1 Rac8 17.Kh1 f5 18.g4 Nh8 19.g5 Ng6 20.Rg1 Nb8 21.Nc5 Bxc5 22.dxc5 Qa6
23.f4 b6 24.Qxa6 Nxa6 25.cxb6 axb6 26.Rd4 Nc5 27.Rb4 Nd3 28.Rxb6 Nxb2 29.Nxd5 Nc4
30.Rxe6 Rfd8 31.Nb6 Nxe3 32.Nxc8 Rxc8 33.Rb1 Nxf4 34.Reb6 Nh3 35.Rb8 Rxb8
36.Rxb8+ Kf7 37.a4 f4 38.Rb3 Ke6 39.a5 Nf2+ 40.Kg1 Nfd1 41.a6 f3 42.Rxe3 f2+
43.Kf1 Nxe3+ 44.Kxf2 Nd5 45.a7 Nc7 46.Kf3 Kxe5 47.Ke3 Kd5 48.h4 Kc6 49.Ke4 g6
50.Ke5 Kb7 51.Kf6 Ne8+ 52.Ke7 Ng7 53.Kf6 Nh5+ 54.Kf7 Ng3  0-1

[Event "Balkaniad"]
[Site "Kavala"]
[Date "1990.??.??"]
[Round "3"]
[White "Georgiev, Krum"]
[Black "Kotronias, Vasilios"]
[Result "1/2-1/2"]
[WhiteElo "2455"]
[BlackElo "2500"]

1.e4 c5 2.Nf3 d6 3.Bb5+ Bd7 4.Bxd7+ Qxd7 5.O-O Nc6 6.Re1 g6 7.c3 Bg7 8.d4 Nf6
9.d5 Ne5 10.Nxe5 dxe5 11.a4 O-O 12.Na3 Ne8 13.Nc4 Nd6 14.Qb3 Rac8 15.f3  1/2-1/2

[Event "Kecskemet"]
[Site "Kecskemet"]
[Date "1990.??.??"]
[Round "5"]
[White "Barczay, Laszlo"]
[Black "Groszpeter, Attila"]
[Result "0-1"]
[WhiteElo "2335"]
[BlackElo "2545"]

1.e4 c5 2.Nf3 d6 3.Bb5+ Bd7 4.Bxd7+ Nxd7 5.O-O Ngf6 6.Re1 g6 7.b3 Bg7 8.Bb2 O-O
9.c4 e5 10.Nc3 Ne8 11.Nd5 f5 12.exf5 gxf5 13.d3 Nc7 14.Nxc7 Qxc7 15.Ng5 Rae8
16.f4 Nf6 17.fxe5 dxe5 18.Nf3 Ng4 19.Rb1 Re6 20.h3 Nh6 21.b4 cxb4 22.Qb3 Kh8
23.Qxb4 Rg8 24.Qd2 Nf7 25.Qf2 Ra6 26.Nh4 f4 27.Nf5 Bf6 28.d4 e4 29.Ra1 Ng5
30.Qe2 f3  0-1

[Event "Kirchheim rapid"]
[Site "Kirchheim"]
[Date "1990.??.??"]
[Round "3"]
[White "Werner, Clemens"]
[Black "Gutman, Lev"]
[Result "0-1"]
[WhiteElo "2280"]
[BlackElo "2475"]

1.e4 c5 2.Nf3 d6 3.Bb5+ Nc6 4.O-O Bd7 5.Re1 a6 6.Bxc6 Bxc6 7.d4 cxd4 8.Qxd4 e5
9.Qd3 h6 10.c4 Nf6 11.Nc3 Be7 12.Nh4 Bd7 13.b3 O-O 14.Nf5 Bxf5 15.exf5 Qd7
16.a4 Rad8 17.Bb2 Rfe8 18.Rad1 Qc6 19.h3 Rd7 20.Re2 Rc8 21.Red2 e4 22.Qd4 Bf8
23.Re2 Re8 24.Nd5 Re5 25.g4 b5 26.axb5 axb5 27.f4 exf3 28.Rxe5 dxe5 29.Nxf6+ Qxf6
30.Qxd7 Qh4 31.Qd2 Qg3+ 32.Kh1 f2 33.Qd3 Qxd3  0-1